<?xml version="1.0" encoding="UTF-8"?>
<marc:record xmlns:marc="http://www.loc.gov/MARC21/slim">
   <marc:leader>00000nam a2200000 a 4500</marc:leader>
   <marc:datafield ind1="1" ind2=" " tag="100">
      <marc:subfield code="a">Freund, Wieland</marc:subfield>
      <marc:subfield code="4">aut</marc:subfield>
      <marc:subfield code="e">Verfasser/-in</marc:subfield>
   </marc:datafield>
   <marc:datafield ind1=" " ind2=" " tag="653">
      <marc:subfield code="a">Softcover / Kinder- und Jugendbücher/Kinderbücher bis 11 Jahre</marc:subfield>
   </marc:datafield>
   <marc:datafield ind1="0" ind2="0" tag="245">
      <marc:subfield code="a">Der schwarze Karfunkel</marc:subfield>
   </marc:datafield>
   <marc:datafield ind1="0" ind2="0" tag="245">
      <marc:subfield code="c">Wieland Freund</marc:subfield>
   </marc:datafield>
   <marc:datafield ind1=" " ind2="1" tag="264">
      <marc:subfield code="a">Weinheim</marc:subfield>
      <marc:subfield code="b">Beltz &amp; Gelberg</marc:subfield>
      <marc:subfield code="c">2010</marc:subfield>
   </marc:datafield>
   <marc:datafield ind1="1" ind2=" " tag="520">
      <marc:subfield code="a">Angaben aus der Verlagsmeldung

Der schwarze Karfunkel : Der Geist von Zweiseelen. Roman / von Wieland Freund

„Der Graf zupfte an seinem Handschuh, entblößte seine lange, weiße Hand und streckte sie Anders hin. Der Graf trug einen neuen Ring! Der Ring trug einen neuen Stein! Wie schwarz er war! Wie abgrundtief schwarz!“

Wie ein tiefer, schwarzer Ozean zieht der Karfunkel alles in seinen Bann – auch Anders kann den Blick nicht von ihm wenden. Doch mit dem Karfunkel kommt auch das Unglück nach Zweiseelen und die Welt verfinstert sich zusehends. Dämonen verfolgen Anders in seinen Träumen, unheimliche Lichtern geistern durchs Haus und die Sage vom Höllenfürsten Ariel scheint wahr zu werden. Als kurz darauf die furchtlose Thekla auftaucht, das Mädchen, das niemand kennt, fasst Anders wieder Mut. Gemeinsam machen sich Anders und Thekla daran, das Mysterium um den schwarzen Karfunkel zu lüften – ob es ihnen gelingt?

Die Serie:
Ein magischer Stein - fünf verschiedene Orte, fünf verschiedene Abenteuer und fünf verschiedene Protagonisten. Gemeinsam ist ihnen jedoch eines: Alle wollen das Geheimnis um den schwarzen Karfunkel lüften. Auf den Mantel-und-Degen-Roman "Tulpenfieber" um den Amsterdamer Bäckersohn Luuk und das Musketier d'Ennery, folgt die Gruselgeschichte "Der Geist von Zweiseelen".
Die Reise durch die Jahrhunderte geht weiter. Und die Reise durch die großen Abenteuergenres auch.
</marc:subfield>
   </marc:datafield>
   <marc:datafield ind1=" " ind2=" " tag="020">
      <marc:subfield code="a">9783407799692</marc:subfield>
      <marc:subfield code="9">9783407799692</marc:subfield>
   </marc:datafield>
   <marc:datafield ind1=" " ind2=" " tag="041">
      <marc:subfield code="a">ger</marc:subfield>
   </marc:datafield>
   <marc:datafield ind1=" " ind2=" " tag="300">
      <marc:subfield code="a">146 S.</marc:subfield>
   </marc:datafield>
</marc:record>
